Top 10 Best Dutch Footballers Ever - Statistics

General Stats
  • This quiz has been taken 112 times
  • The average score is 6 of 10
Answer Stats
Nr Answer % Correct
1. Johan Cruyff
98%
2. Marco Van Basten
88%
7. Ruud Gullit
80%
3. Arjen Robben
76%
6. Ronald Koeman
60%
5. Clarence Seedorf
54%
4. Dennis Bergkamp
54%
8. Frank Rijkaard
52%
10. Patrick Kluivert
40%
9. Jaap Stam
30%
No matching quizzes found
Score Distribution
Percent of People with Each Score
Percentile by Number Answered
Your Score History
You have not taken this quiz